000 00303nam a2200133Ia 4500
008 150201s1992 xx 000 0 und d
082 _a610.73698
_bC92B
100 _aBELCHER , ANNE E.
245 _aCANCER NURSING
250 _a1ST
260 _bMOSBY
_aUSA
_c1992
650 _aCANCER
942 _2ddc
_cBK
999 _c2022
_d2022